| 000 | 00412cam a2200169ua 4500 | ||
|---|---|---|---|
| 020 | _cRs. 7.00 | ||
| 041 |
_amal _h |
||
| 082 |
_a894.8124 _bKUT/KA |
||
| 100 | _aKuttikrishna, Marrar . | ||
| 245 | _aKala thannejeevitham | ||
| 260 |
_aCalicut : _bNava kerala Co- operative Publishing house , _c1965. |
||
| 300 | _a320 ; . | ||
| 365 | _aRs. 7.00 | ||
| 504 | _a | ||
| 942 | _cBK | ||
| 999 |
_c629 _d629 |
||